000 00372nam a2200145Ia 4500
008 230312s9999||||xx |||||||||||||| ||und||
020 _a9788120300828
082 _a621.381
_bRYD-E
100 _aRyder, John D.
245 0 _aElectronic Fundamentals and Application
260 _bPHI Learning Pvt Ltd
_aIndia
_c2009
546 _aEng.
650 _aEngineering
942 _cBK
999 _c6184
_d6184